1147 1804 1902 1084 1258 1668 1481 1948 1542 1140 1826 1997 1779 1229 1544 1956 1883 1207 1442 1293 1449 1118 1554 1823 1607 1746 1818 1435 1721 1659 1026 1956 1373 1693 1453 1515 1948 1833 1700 1599 1619 1740 1086 1034 1838 1071 1307 1774 1190 1495 1454 1547 1644 1904 1035 1651 1847 1091 1564 1741 1820 1267 1840 1808 1509 1674 1312 1364 1601 1299 1772 1290 1340 1552 1508 1306 1104 1455 1615 1975 1565 1086 1871 1833 1719 1106 1081 1108 1778 1325 1953 1614 1205 1001 1330 1943 1626 1772 1480 BCNSPRNW ULIB Ver.6.0+V

เปลี่ยนเป็นภาษาไทย

Change to English
 แสดงรายละเอียดบรรณานุกรม
  กลับหน้าหลัก

Brief Record : Get Marc (ISO 2709) : E-mail record : QR code < ปิดหน้าต่าง
LEADER : 00000nam 2200000uu 4500
001    13399111606
003     ULIB
008    110627s2551||||th 000 0 tha d
060  4 WM100^bภ636ภ 2551
100 0  ภุมรินทร์ อินชัวนีและคณะ
245 00 ภาวะสุขภาพจิตของนักศึกษาพยาบาลศาสตร์ ชั้นปีที่ 1 วิทยาลัยพยาบาลบรมราชชนนี พุทธชินราช Mental Henlth of First year Nursing Students, Boromarajonani College of Nursing, Buddhachinaraj/^ภุมรินทร์ อินชัวนีและคณะ
250    พิมพ์ครั้งที่ 1
260    พิษณุโลก :^bวิทยาลัยพยาบาลบรมราชชนนี พุทธชินราช,^c2551
300    52 หน้า
650  7 สุขภาพจิต
650  7 นักศึกษาพยาบาล
650  7 วิทยาลัยพยาบาลบรมราชชนนี พุทธชินราช
945    ^p0^l0^i023513
995    ทศพร
999 ^a ใช้งานได้ทุกระบบ
รายการนี้ยังไม่มีแท็ก
คุณยังไม่ได้ล็อกอิน คุณสามารถมีกิจกรรมร่วมกับเว็บไซต์ได้ แต่ต้องล็อกอินก่อน ::
  ล็อกอิน

รายการสื่อสารสนเทศ

ลำดับที่ ประเภท เลขเรียก/บาร์โค้ด สถานที่ สถานะ
- ไม่พบข้อมูล -

รายการใกล้เคียง
    หัวเรื่อง [สุขภาพจิต]
    หัวเรื่อง [นักศึกษาพยาบาล]
    หัวเรื่อง [วิทยาลัยพยาบาลบรมราชชนนี พุทธชินราช]

BibComment


ยังไม่เคยถูกคอมเมนท์

คอมเมนท์ทรัพยากรรายการนี้
  คอมเมนท์: ภาวะสุขภาพจิตของน..


 Copyright 2026. Bcnsprnw @Library